| 000 | 00821nam a2200277 u 4500 | ||
|---|---|---|---|
| 001 | 000012780 | ||
| 003 | DO-SdBNP | ||
| 005 | 20221025112018.0 | ||
| 007 | ta | ||
| 008 | 100806s2019 dr r 000 0 spa d | ||
| 020 | _a9789945580679 | ||
| 040 |
_aDO-SdBNP _bspa _cBNPHU |
||
| 082 |
_a510 _bM425 |
||
| 100 | _929572 | ||
| 245 | 1 | 0 |
_aMatemática superior / _cEsther María Morales urbina, Elizabeth Vargas Villegas y otros |
| 260 |
_aSanto Domingo : _bUAPA, _c2019. |
||
| 300 |
_a343 p. ; _c28 cm. |
||
| 490 | _aSerie Autoaprendizaje | ||
| 590 | _aInventariado, 2022 / DG | ||
| 650 | 4 |
_aMatemáticas _929573 |
|
| 700 |
_aVargas Villegas, Elizabeth _eautora _982592 |
||
| 700 |
_aNuñez, Luis Alfredo _eautor _980540 |
||
| 700 |
_aGutiérrez Tovar, Yoel Emilio _eautor _982593 |
||
| 910 | _aDG | ||
| 942 |
_2ddc _cLBS1 |
||
| 999 |
_c52632 _d52632 |
||